000 00514nam a2200169 i 4500
001 84240
003 ES-MaACL
005 20230906174958.0
007 t|
008 041122s1913 fr ||||1| fre d
100 1 _aJeannin, Cyrille.
_966253
245 1 0 _aThérapeutique obstétricale et gynécologique /
_cpar Cyrille Jeannin et Paul Guéniot.
260 _aParis :
_b[s.n.,
_c1913] (
_eCorbeil :
_fCrété)
300 _aXII, 756 p. ;
_c20 cm.
700 1 _aGuéniot, Paul.
_960438
852 _aES-MaACL
_jB-11924
999 _c84240
_d84240